=LDR 00000nam 2200000 4500 =001 INLIS000000000020041 =005 20210517012645 =035 ##$$a 0010-061300000020041 =008 210517################g##########0#ind## =041 ##$$a Ind =082 ##$$a 339 =090 ##$$a 339, Sam i =100 ##$$a Samuelson, Paula =245 1#$$a Ilmu makroekonomi, /$c Paul A. Samuelson William O. Norohaus =260 ##$$a Jakarta :$b Media Global Edukasi,$c 2004 =300 ##$$a xxi, 462 hlm : $b ilus ; $c 27 x 21 cm =650 #4$$a Makro ekonomi =850 ##$$a NBPNMAT =020 ##$$a 979-97855-8-8 =084 ##$$a 339 SAM i =250 ##$$a cet.1 =990 ##$$a 0001/BPAP-NTB/2015 =990 ##$$a 20614056